The liturgical renaissance in the Roman Catholic Church.

Bibliographic Details
Main Author: Koenker, Ernest Benjamin
Format: Book
Language:English
Published: Saint Louis : Concordia Pub. House, [1966]
Edition:[2d ed.].
Subjects:

MARC

Tag First Indicator Second Indicator Subfields
LEADER 00000cam a2200000 4500
001 in00000037932
005 20151007080723.0
008 741111c19661954 eng u
010 |a  66004626  
035 |a (OCoLC)01071729 
035 |9 AAF5269AM 
040 |c IVD  |d TXA  |d UtOrBLW 
049 |a TXAM  |c [461881] 
050 0 0 |a BX1975  |b .K6 1966 
082 0 |a 264.02 
092 |a 264.02  |b K78, 1966 
100 1 |a Koenker, Ernest Benjamin. 
245 1 4 |a The liturgical renaissance in the Roman Catholic Church. 
250 |a [2d ed.]. 
264 1 |a Saint Louis :  |b Concordia Pub. House,  |c [1966] 
264 4 |c [©1954] 
300 |a xi, 274 pages ;  |c 21 cm. 
336 |a text  |b txt  |2 rdacontent 
337 |a unmediated  |b n  |2 rdamedia 
338 |a volume  |b nc  |2 rdacarrier 
504 |a Bibliography: pages 247-263. 
650 0 |a Liturgical movement  |x Catholic Church. 
999 |a MARS 
999 f f |s 8c7a6619-033c-3b61-a2b8-4b8cda9e2584  |i 62d522cf-71cd-328d-af95-613f7d98cbc1  |t 0 
952 f f |p ric  |a Texas A&M University  |b Rellis Campus  |c Joint Library Facility  |d Remote Storage  |t 0  |e BX1975 .K6 1966  |h Library of Congress classification  |i unmediated -- volume  |m A14800616010 
998 f f |a BX1975 .K6 1966  |t 0  |l Remote Storage